Statistics for Osu! Players Quiz

Click here to take the quiz!

General Stats

  • This quiz has been taken 194 times
    (119 since last reset)
  • The average score is 22 of 37

Answer Stats

HintAnswer% Correct
Veteran player from Poland. HDDT player.Rafis
93%
Canadian player. Finally FC'd the "words I never said" HDDT after some chokes.Zylice
83%
South Korean top player and mapper of "My heart will go on" - Dragonforce.[Karcher]
81%
Was banned for 3 years and the got rank 1 global after unban.Whitecat
76%
4 mod player. Plays with his laptop on his bed.FGSky
74%
World number 1 as of February 2022. SS'd Team magma HDDTHR.Mrekk
74%
Known for doing *interesting* covers of Osu! songs. Played Valorant with a pen.Kariyu
71%
Number 1 Japan as of March 2022. Streamer.Varvalian
71%
Used to be known as the best player in the game. Freedom dive HDHR.Cookiezi
69%
First HD 1000pp on Euphoria. Girlboss.Xootynator
69%
Mou Ii Kai (Rain) HDDT 1 miss. One of the players ever.aetrna
68%
Romanian player. Had pp record on C-type at one point.Badeu
68%
Player who SS'd sputnik (beyond owc).Ekoro
68%
Wins every tournament. Well known as the best all round player in the game.Vaxei
68%
Known for getting high pp plays on dt while single-tapping. Indonesian goat.Lifeline
67%
Famous content creator. Choked Embraced by the flame twice.BTMC
65%
UK player. First to FC Shinbatsu. Also FC'd Everything will freeze with HR.Bubbleman
65%
One of the best easy players. Has 600pp with EasyHDDT.EZChamp
64%
Very famous mapper. Mapped many farm maps. Remapped Image material.Sotarks
64%
Player from South Korea. Known for some insane scores on tech maps.FlyingTuna
60%
HR pp farmer. Songs compilation HR FC. Uta HR FC.idke
60%
Infamous 1 2 mapper. Fc'd Wings of justice with HR.Fieryrage
56%
The most best player in the whole game ever rank #-1000000 insane player has 1000 2k pp plays (Its me btw).Ninjack789
53%
A-one, a-two, a-one, two.Will Stetson
53%
Top 5 global as of 15/05/2023. Known for high pp plays on 300bpm jump maps.Gnahus
49%
American speed player. FC'd the words I never said DT. Played in OWC 2021.Aricin
47%
"Elite mapper". Mapped RoR (Rebellion).Monstrata
46%
Banned from tournaments for some time. HR player although Sunglow DT is his top play.Rektygon
46%
Speed player from Peru. Got the second HDDT FC on United (Sotarks).Arnold24x24
44%
High acc HD/HR player. FC'd Road of resistance with HDHRFrankie_
44%
Created the "SPUTNIK-3" song. Made a map of his own song. Jubeat champion.II-L
44%
Speed/DT player known for his scream compilations.NyanPotato
44%
Swedish player. Yomi Yori is his most played beatmap.Reedkatt
44%
Number 1 on score count leaderboards. Has over 36000 SS ranks on beatmaps.MomoHD
42%
Most well known for his playstyle of using his MB1 along with his keyboard.haga1115
29%
Kono mama de ii yo kono mama ga ii yo.Binfy
24%
Elite mapper who mapped "Maid of Fire"Lesjuh
24%

Score Distribution

Percentile by Number Answered

Percent of People with Each Score

Your Score History

You have not taken this quiz since the last reset